000 00347nam a22001337a 4500
020 _a9787508519073
082 _a327.5105491
_bSHU
100 _aShulin, Lu
245 _aYou and Us:
_bStories of China and Pakistan /
_cLu Shulin
260 _aBeijing :
_bKindle,
_c2015.
300 _a263p. ;
_c23 cm.
563 _aPBK.
942 _2ddc
_cBK
999 _c588764
_d588764